000 00691nam a2200181Ia 4500
008 151018s9999 xx 000 0 und d
082 _bRBASDV51122
_a110
100 _aवीरेंदकुमार गौड
245 _a"मंत्र,स्तोत्र और कवच "
250 _b1
260 _bसुनील साहित्य प्रकाशन
_c2007
300 _a144
600 _aवीरेंदकुमार गौड
630 _a"मंत्र,स्तोत्र और कवच "
700 _aवीरेंदकुमार गौड
730 _a"मंत्र,स्तोत्र और कवच "
942 _cBOOK
999 _c1050015
_d1050012